000 00328nam a2200109Ia 4500
008 171211s9999 xx 000 0 und d
245 _aNew English Paper Piecing: A Faster Approach to a Traditional Favorite
245 _cSue Daley
260 _c2012
650 _xHobbies
856 _uhttp://down.ebook777.com/062/1607054043.pdf
999 _c350344
_d350344